Differential geometry : A first course

Differential Geometry: A First Course is an introduction to the classical theory of space curves and surfaces offered at the Graduate and Post- Graduate courses in Mathematics. Based on Serret-Frenet formulae, the theory of space curves is developed and concluded with a detailed discussion on fundam...

Descrizione completa

Salvato in:
Dettagli Bibliografici
Autore principale: Somasundaram, S
Natura: Libro
Lingua:Undetermined
Pubblicazione: Harrow, UK Alpha Science International Ltd 2005
Soggetti:
Tags: Aggiungi Tag
Nessun Tag, puoi essere il primo ad aggiungerne! !
Thư viện lưu trữ: Trung tâm Học liệu Trường Đại học Cần Thơ
LEADER 01144nam a2200217Ia 4500
001 CTU_133913
008 210402s9999 xx 000 0 und d
020 |c 1025000 
082 |a 516.36 
082 |b S693 
100 |a Somasundaram, S 
245 0 |a Differential geometry : 
245 2 |b A first course 
245 0 |c S Somasundaram 
260 |a Harrow, UK 
260 |b Alpha Science International Ltd 
260 |c 2005 
520 |a Differential Geometry: A First Course is an introduction to the classical theory of space curves and surfaces offered at the Graduate and Post- Graduate courses in Mathematics. Based on Serret-Frenet formulae, the theory of space curves is developed and concluded with a detailed discussion on fundamental existence theorem. The theory of surfaces includes the first fundamental form with local intrinsic properties, geodesics on surfaces, the second fundamental form with local non-intrinsic properties and the fundamental equations of the surface theory with several applications. 
650 |a geometry, differential. 
904 |i Năm 
980 |a Trung tâm Học liệu Trường Đại học Cần Thơ